000 00831nam a22001697a 4500
999 _c59120
_d59120
003 Ge_BSU
005 20221128144302.0
008 221128s1973ge xxu||||| |||| 00| 0 geo d
041 _ageo
080 _a94(450)"1939-1945" ს-56
100 _aსიხარულიძე, ედუარდ, ავტორი.
_916155
245 _aიტალიის ეროვნული გმირი :
_b[ფორე მოსულიშვილი] /
_cედუარდ სიხარულიძე.
264 _aთბილისი :
_bსაბჭ. საქართველო,
_c1973.
300 _a130 გვ. :
_b10ფ. ილ. ;
_c16 სმ.
653 _aმოსულიშვილი, ფორე. ქართველი პარტიზანები იტალიაში.
942 _2udc
_cBK